[Event "Yerevan ol (Men)"]
[Site "Yerevan"]
[Date "1996.??.??"]
[Round "4"]
[White "Johansen, Darryl K"]
[Black "Andersson, Ulf"]
[Result "0-1"]
[WhiteElo "2500"]
[BlackElo "2640"]

1.e4 c5 2.Nc3 e6 3.Nge2 Nf6 4.g3 Nc6 5.Bg2 Be7 6.O-O O-O 7.d4 d6 8.Re1 Bd7
9.d5 Ne5 10.h3 Re8 11.a4 a6 12.f4 Ng6 13.Be3 exd5 14.exd5 h5 15.a5 Qc8 16.h4 Bd8
17.Bf2 Bc7 18.Nc1 Rxe1+ 19.Bxe1 Bh3 20.Bh1 Ne7 21.Nd3 Bg4 22.Qd2 Nf5 23.Bf2 Qd7
24.Ne4 Nxe4 25.Bxe4 Re8 26.Re1 Qa4 27.Bxf5 Bxf5 28.Rxe8+ Qxe8 29.b4 Qe4 30.bxc5 Qxd5
31.Qb4 Bh3 32.Ne1 Bd7 33.Nd3 Bc6 34.Kf1 dxc5 35.Bxc5 Qg2+ 36.Ke1 Qxc2 37.Qd4 Bb5  0-1

[Event "Yerevan ol (Men)"]
[Site "Yerevan"]
[Date "1996.??.??"]
[Round "5"]
[White "Shirov, Alexei"]
[Black "Andersson, Ulf"]
[Result "1/2-1/2"]
[WhiteElo "2685"]
[BlackElo "2640"]

1.e4 c5 2.Nf3 e6 3.d4 cxd4 4.Nxd4 Nf6 5.Nc3 d6 6.g4 h6 7.h3 Nc6 8.Be3 a6
9.f4 Be7 10.Qd2 g5 11.Nf3 Nd7 12.f5 Nde5 13.Nxe5 Nxe5 14.O-O-O b5 15.Bd3 Bb7
16.Rhf1 Qd7 17.Ne2 O-O-O 18.Ng3 Kb8 19.Be2 Rhe8 20.Bd4  1/2-1/2

[Event "Yerevan ol (Men)"]
[Site "Yerevan"]
[Date "1996.??.??"]
[Round "8"]
[White "Timman, Jan H"]
[Black "Andersson, Ulf"]
[Result "1/2-1/2"]
[WhiteElo "2590"]
[BlackElo "2640"]

1.e4 e6 2.d4 d5 3.Nc3 Nf6 4.Bg5 dxe4 5.Nxe4 Be7 6.Bxf6 gxf6 7.Nf3 b6 8.Bc4 Bb7
9.Qe2 c6 10.O-O-O Qc7 11.Rhe1 Nd7 12.Kb1 O-O-O 13.Ba6 f5 14.Bxb7+ Kxb7 15.Neg5 Rdf8
16.d5 cxd5 17.Nxf7 Rxf7 18.Qxe6 Rhf8 19.Qxd5+ Kc8 20.Nd4 Qb7 21.Qxb7+ Kxb7
22.Ne6 Nc5 23.Nxf8 Bxf8 24.Re3 a5 25.c3 Kc7 26.Kc2 Bd6 27.g3 Ne4 28.f3 Bc5
29.Re2 Ng5 30.h4 Nxf3 31.Rf1 Ng1 32.Re5 Rg7 33.Rexf5 Rxg3 34.Rf7+ Kd6 35.Rd1+ Ke6
36.Rxh7 Nf3 37.b4  1/2-1/2

[Event "Yerevan ol (Men)"]
[Site "Yerevan"]
[Date "1996.??.??"]
[Round "10"]
[White "Ye Jiangchuan"]
[Black "Andersson, Ulf"]
[Result "1/2-1/2"]
[WhiteElo "2540"]
[BlackElo "2640"]

1.e4 e6 2.d4 d5 3.Nd2 c5 4.exd5 Qxd5 5.Ngf3 cxd4 6.Bc4 Qd6 7.O-O Nf6 8.Nb3 Nc6
9.Nbxd4 Bd7 10.c3 Qc7 11.Qe2 a6 12.Re1 Bd6 13.h3 O-O 14.Bg5  1/2-1/2

[Event "Yerevan ol (Men)"]
[Site "Yerevan"]
[Date "1996.??.??"]
[Round "11"]
[White "Andersson, Ulf"]
[Black "Short, Nigel D"]
[Result "1/2-1/2"]
[WhiteElo "2640"]
[BlackElo "2695"]

1.Nf3 d5 2.d4 Nf6 3.c4 e6 4.Nc3 Be7 5.Bg5 h6 6.Bh4 O-O 7.Rc1 b6 8.cxd5 Nxd5
9.Bxe7 Qxe7 10.e3 Nf6 11.Be2 Bb7 12.Qa4 Nbd7 13.O-O Rfd8 14.Rfd1 c5 15.Qa3 Qf8
16.h3 cxd4 17.Qxf8+ Kxf8 18.Nxd4 a6  1/2-1/2

[Event "Yerevan ol (Men)"]
[Site "Yerevan"]
[Date "1996.??.??"]
[Round "12"]
[White "Nogueiras, Jesus"]
[Black "Andersson, Ulf"]
[Result "1/2-1/2"]
[WhiteElo "2535"]
[BlackElo "2640"]

1.Nf3 c5 2.c4 g6 3.e4 Nc6 4.d4 cxd4 5.Nxd4 Nf6 6.Nc3 d6 7.Be2 Nxd4 8.Qxd4 Bg7
9.O-O O-O 10.Qe3 Be6 11.Bd2 Qb6 12.Rab1  1/2-1/2

[Event "Yerevan ol (Men)"]
[Site "Yerevan"]
[Date "1996.??.??"]
[Round "13"]
[White "Andersson, Ulf"]
[Black "Kengis, Edvins"]
[Result "1-0"]
[WhiteElo "2640"]
[BlackElo "2560"]

1.Nf3 Nf6 2.c4 e6 3.g3 a6 4.b3 c5 5.Bg2 b5 6.Nc3 Qb6 7.O-O Bb7 8.Bb2 Be7
9.d4 cxd4 10.Qxd4 Qxd4 11.Nxd4 Bxg2 12.Kxg2 bxc4 13.bxc4 d6 14.Na4 Nbd7 15.Rfd1 Rc8
16.Rac1 O-O 17.Nb3 Ne4 18.Bd4 Rfd8 19.f3 Nec5 20.Naxc5 Nxc5 21.Nxc5 dxc5
22.Be3 Rxd1 23.Rxd1 Rb8 24.Rd7 Bf8 25.Ra7 Rb4 26.Rxa6 Rxc4 27.Kf2 e5 28.g4 f6
29.Ra7 h5 30.gxh5 f5 31.Bg5 e4 32.Bf4 exf3 33.Kxf3 Rc3+ 34.e3 c4 35.Be5 Rc2
36.a4 Ra2 37.a5 Kh7 38.a6 Ra5 39.Bc3 Ra3 40.Bd4 c3 41.Ra8 c2 42.Bb2 Ra2 43.Rxf8 Rxb2
44.Rc8 Ra2 45.Kf4 Rxa6 46.Rxc2 Re6 47.Re2 Rh6 48.Kg5 Rf6 49.h3 Rf7 50.Rf2 Re7
51.Rf3 Re5 52.Kf4 Ra5 53.Rg3 Rb5 54.Rg5 Rb4+ 55.Kxf5 Rh4 56.e4 Rxh3 57.e5 Kg8
58.Ke6 Kf8 59.Rf5+ Kg8 60.Rg5 Kf8 61.Rf5+ Ke8 62.Rf7 Rxh5 63.Re7+ Kf8 64.Kd7 g6
65.Kd8 Rh1 66.e6 Re1 67.Rf7+ Kg8 68.Ke7 Re2 69.Kd7 Ra2 70.Rf1 Ra7+ 71.Ke8 Ra8+
72.Ke7 Ra2 73.Rd1 Kg7 74.Ke8 Ra8+ 75.Rd8  1-0

[Event "Yerevan ol (Men)"]
[Site "Yerevan"]
[Date "1996.??.??"]
[Round "14"]
[White "Andersson, Ulf"]
[Black "Temirbaev, Serik"]
[Result "1-0"]
[WhiteElo "2640"]
[BlackElo "2480"]

1.Nf3 Nf6 2.c4 g6 3.g3 Bg7 4.Bg2 O-O 5.O-O d6 6.Nc3 Nc6 7.d3 h6 8.Rb1 a5
9.a3 e5 10.b4 axb4 11.axb4 Be6 12.Nd2 d5 13.b5 Ne7 14.cxd5 Nexd5 15.Bb2 Re8
16.Qc2 Nb4 17.Qc1 Nfd5 18.Nc4 Nxc3 19.Qxc3 Nd5 20.Qc2 Nb4 21.Qb3 Nd5 22.Rfc1 f6
23.Ra1 Qd7 24.Ra4 Kh7 25.Rca1 Rab8 26.Ra7 Bf8 27.Ba3 Bxa3 28.R1xa3 Qe7 29.Qb2 Qc5
30.R3a5 Nb6 31.Ne3 Bc8 32.Ra1 Re7 33.Rc1 Qd6 34.Qa3 Qd8 35.Rc5 Rg7 36.Qc1 Qd6
37.Rc2 f5 38.Ra3 Be6 39.Rac3 f4 40.Nf1 Nd5 41.Bxd5 Bxd5 42.Rxc7 Rg8 43.Nd2 h5
44.Ne4 Bxe4 45.dxe4 fxg3 46.hxg3 Qb4 47.R2c4 Qxb5 48.R7c5 Qb6 49.Rxe5 Rf8
50.Rec5 Rgf7 51.f3 h4 52.gxh4 Rf4 53.Kg2 Qe6 54.Rc7+ Kg8 55.Qb2  1-0

[Event "Kloosters"]
[Site "Ter Apel"]
[Date "1997.03.17"]
[Round "1"]
[White "Andersson, Ulf"]
[Black "Huebner, Robert"]
[Result "1-0"]
[WhiteElo "2655"]
[BlackElo "2600"]

1.d4 d5 2.Nf3 c6 3.c4 Nf6 4.cxd5 cxd5 5.Nc3 Nc6 6.Bf4 Bf5 7.e3 e6 8.Qb3 Bb4
9.Bb5 Qa5 10.O-O O-O 11.Bxc6 bxc6 12.Bc7 Qxc7 13.Qxb4 Rab8 14.Qa3 Nd7 15.Rfc1 c5
16.dxc5 Qxc5 17.Qxc5 Nxc5 18.Nxd5 Nd3 19.Ne7+ Kh8 20.Rc3 Nxb2 21.Ne5 Ra8
22.Nxf5 exf5 23.Rb1 Na4 24.Rc7 f6 25.Nf7+ Kg8 26.Nd6 Rfb8 27.Rxb8+ Rxb8 28.g3 g6
29.Rxa7 Nc3 30.Ra3 Rb1+ 31.Kg2 Rc1 32.Ra8+ Kg7 33.Ra7+ Kh6 34.Nf7+ Kh5 35.Nd6 Kh6
36.h3 Ne4 37.Nxe4 fxe4 38.g4 g5 39.a4 Ra1 40.a5 Ra2 41.a6 Kg6 42.Ra8 Ra1
43.a7 Kg7 44.Kg3 Rg1+ 45.Kh2 Ra1 46.Kg2 h6 47.Kh2 Kh7 48.Rf8 Rxa7 49.Rxf6 Kg7
50.Re6 Ra4 51.Kg3 Rb4 52.h4 gxh4+ 53.Kxh4 Ra4 54.Kg3 Rb4 55.Re5 Kg6 56.Rf5 Rb8
57.Kf4 Re8 58.Re5 Rxe5 59.Kxe5 Kg5 60.Kxe4 Kxg4 61.Kd3  1-0

[Event "Rubinstein mem 34th"]
[Site "Polanica Zdroj"]
[Date "1997.08.23"]
[Round "5"]
[White "Andersson, Ulf"]
[Black "Malaniuk, Vladimir P"]
[Result "1-0"]
[WhiteElo "2640"]
[BlackElo "2615"]

1.d4 Nf6 2.Nf3 d6 3.c4 c6 4.Nc3 Nbd7 5.e4 e5 6.Be2 Be7 7.O-O O-O 8.Rb1 a6
9.Qc2 Qc7 10.dxe5 dxe5 11.b4 b5 12.c5 a5 13.a3 Re8 14.Bb2 Bf8 15.Bd1 Nb8
16.Ne2 g6 17.Ng3 Bg7 18.Bc3 Nfd7 19.Qb2 axb4 20.axb4 Nf8 21.Bb3 h6 22.h3 Be6
23.Bxe5 Bxe5 24.Nxe5 Bxb3 25.Ng4 Re6 26.Qxb3 h5 27.Ne3 Qf4 28.Rbd1 Re8 29.Rfe1 Nbd7
30.Ne2 Qxe4 31.Nd4 Rac8 32.Nec2 Qf4 33.Rxe8 Rxe8 34.Nxc6 Re2 35.Rf1 Ne6 36.Ne3 Qe4
37.Qd5 Nf6 38.Qxe4 Nxe4 39.Ne7+ Kg7 40.N7d5 f5 41.c6 f4 42.Nxf4 Nxf4 43.c7 Nd6
44.Rd1 Nc8 45.Rd8 Nb6 46.Rb8 Re1+ 47.Kh2 Rc1 48.Rxb6 Rxc7 49.Rxb5 Nd3 50.Kg3 Rf7
51.f4 Rxf4 52.Rb7+ Kh6 53.b5 h4+ 54.Kh2 Rb4 55.b6 Nc5 56.Rc7 Ne6 57.Rc6 Ng7
58.Nd5 Rb2 59.Rc4  1-0

[Event "Bar"]
[Site "Bar"]
[Date "1997.11.19"]
[Round "1"]
[White "Ivanovic, Bozidar"]
[Black "Andersson, Ulf"]
[Result "0-1"]
[WhiteElo "2500"]
[BlackElo "2640"]

1.e4 e6 2.d4 d5 3.Nc3 Nf6 4.Bg5 dxe4 5.Nxe4 Be7 6.Bxf6 gxf6 7.Qd3 b6 8.g4 h5
9.gxh5 Bb7 10.Bg2 Nc6 11.O-O-O Qd7 12.d5 Nb4 13.Qe2 O-O-O 14.Nc3 Rhg8 15.Bf3 Nxd5
16.Nxd5 exd5 17.Qd3 Bc5 18.Ne2 Bxf2 19.Nf4 c6 20.Rhf1 Bc5 21.h3 f5 22.Ne2 Kc7
23.Nd4 Bc8 24.Be2 Bxd4 25.Qxd4 Qd6 26.Bd3 Rg5 27.Be2 Re8 28.Bf3 Rg3 29.Qa4 Re3
30.Bh1 a5 31.Rde1 Qe5 32.Rd1 Rxh3 33.Kb1 Rxh5 34.Bf3 Rh3 35.Bg2 Rh2 36.Rf2 Re1
37.c3 f4 38.Rd2 Bf5+ 39.Kc1 Bg4  0-1

[Event "Bar"]
[Site "Bar"]
[Date "1997.11.20"]
[Round "2"]
[White "Andersson, Ulf"]
[Black "Sokolov, Andrei"]
[Result "1/2-1/2"]
[WhiteElo "2640"]
[BlackElo "2585"]

1.Nf3 Nf6 2.c4 e6 3.g3 d5 4.d4 dxc4 5.Qa4+ Nbd7 6.Bg2 a6 7.Nc3 Be7 8.Ne5 O-O
9.Nxd7 Bxd7 10.Qxc4 b5 11.Qb3 b4 12.Ne4 Bb5 13.Nxf6+ Bxf6 14.Be3 Rb8 15.Rd1 c5
16.dxc5 Qa5 17.Rd2 Ba4 18.Qc4 Bc3 19.O-O Bb5 20.Qb3 Bxd2 21.Bxd2 Bxe2 22.Rc1 Qb5
23.c6 a5 24.Be3 a4 25.Qc2 Bd3 26.Qd1 Bc4 27.b3 axb3 28.axb3 Be2 29.Qc2 Rbc8
30.h3 e5 31.Qb2 f6 32.Kh2 Bh5 33.Rc5  1/2-1/2

[Event "Bar"]
[Site "Bar"]
[Date "1997.11.21"]
[Round "3"]
[White "Skembris, Spyridon"]
[Black "Andersson, Ulf"]
[Result "1/2-1/2"]
[WhiteElo "2470"]
[BlackElo "2640"]

1.d4 Nf6 2.c4 e6 3.Nf3 Bb4+ 4.Bd2 Bxd2+ 5.Qxd2 O-O 6.g3 d6 7.Bg2 Nc6 8.Nc3 e5
9.d5 Ne7 10.O-O Ng6 11.Ne1 Ng4 12.f3 Nh6 13.Nd3 f5 14.f4 exf4 15.Nxf4 Nxf4
16.Rxf4 Bd7 17.e4 fxe4 18.Rxf8+ Qxf8 19.Rf1 Qe7 20.Nxe4 Ng4 21.c5 dxc5 22.d6 cxd6
23.Nxd6 Qe3+ 24.Qxe3 Nxe3 25.Bxb7 Rd8 26.Rf3 Bg4 27.Rxe3 Rxd6 28.Bf3 Bxf3
29.Rxf3 Ra6 30.a3 Rb6 31.Rc3 Rxb2  1/2-1/2

[Event "Bar"]
[Site "Bar"]
[Date "1997.11.22"]
[Round "4"]
[White "Andersson, Ulf"]
[Black "Popovic, Petar"]
[Result "1-0"]
[WhiteElo "2640"]
[BlackElo "2545"]

1.Nf3 Nf6 2.c4 g6 3.g3 Bg7 4.Bg2 O-O 5.O-O d5 6.d4 c6 7.cxd5 cxd5 8.Nc3 e6
9.Bf4 Nc6 10.Rc1 Bd7 11.Qd2 Qe7 12.Bh6 Rfd8 13.Bxg7 Kxg7 14.Ne5 Ne8 15.e3 Nd6
16.b3 Be8 17.f4 f6 18.Nd3 f5 19.Rc2 Rac8 20.Rfc1 Rc7 21.Na4 Rdc8 22.Nac5 Nd8
23.Ne5 b6 24.Na6 Rxc2 25.Rxc2 Bb5 26.Nb4 a5 27.Rxc8 Nxc8 28.Nc2 Qc7 29.g4 Nd6
30.h3 N8f7 31.Na3 Ba6 32.Nb1 Nxe5 33.fxe5 Ne4 34.Bxe4 fxe4 35.Nc3 Bd3 36.Na4 Bb5
37.Qf2 Bxa4 38.Qf6+ Kh6 39.Kg2 Qc8 40.bxa4 Qe8 41.g5+ Kh5 42.Qf4  1-0

[Event "Bar"]
[Site "Bar"]
[Date "1997.11.23"]
[Round "5"]
[White "Velimirovic, Dragoljub"]
[Black "Andersson, Ulf"]
[Result "0-1"]
[WhiteElo "2515"]
[BlackElo "2640"]

1.e4 e6 2.d4 d5 3.Nc3 Nf6 4.Bg5 dxe4 5.Nxe4 Be7 6.Bxf6 gxf6 7.Qd3 f5 8.Nc3 c6
9.O-O-O Nd7 10.g4 fxg4 11.h3 gxh3 12.Bxh3 Qc7 13.Nf3 b6 14.Kb1 Bb7 15.Ne5 Rf8
16.f4 O-O-O 17.Qxh7 Nxe5 18.dxe5 Kb8 19.Rxd8+ Qxd8 20.Rd1 Qe8 21.Qe4 c5 22.Qe2 Qc6
23.a3 Rh8 24.Bf1 a6 25.Qg4 b5 26.Bd3 b4 27.axb4 cxb4 28.Ne4 Rd8 29.Nd2 Bc5
30.Nb3 Bb6 31.Be2 Rxd1+ 32.Bxd1 Ka7 33.Be2 a5 34.Nd2 a4 35.Nc4 b3 36.cxb3 axb3
37.Qg3 Qh1+  0-1

[Event "Bar"]
[Site "Bar"]
[Date "1997.11.24"]
[Round "6"]
[White "Andersson, Ulf"]
[Black "Ivanovic, Bozidar"]
[Result "1-0"]
[WhiteElo "2640"]
[BlackElo "2500"]

1.Nf3 Nf6 2.c4 g6 3.Nc3 Bg7 4.e4 O-O 5.d4 c5 6.Be2 d6 7.O-O Nc6 8.d5 Na5
9.Bd2 e6 10.b3 a6 11.Qc2 exd5 12.exd5 Rb8 13.Bd3 b5 14.Rab1 Bd7 15.h3 Re8
16.Ng5 Nb7 17.f4 b4 18.Ne2 Bf5 19.Bxf5 Rxe2 20.Bd3 Re8 21.f5 Nh5 22.g4 Bd4+
23.Kg2 Be3 24.Ne4 Nf4+ 25.Rxf4 Bxf4 26.Bxf4 Rxe4 27.Bxe4 g5 28.Bc1 f6 29.h4 h6
30.Bb2 Qe7 31.hxg5 hxg5 32.Rh1 Qg7 33.Kf3 Nd8 34.Qh2 Nf7 35.Qh5 Rf8 36.Qg6 Nh8
37.Qh5 Rf7 38.Bc2 Re7 39.Qxh8+ Qxh8 40.Rxh8+ Kxh8 41.Bxf6+ Rg7 42.Bb2 Kg8
43.f6 Ra7 44.Bf5 Kf8 45.Bc1 a5 46.Bxg5 Kf7 47.Bh4  1-0

[Event "Bar"]
[Site "Bar"]
[Date "1997.11.25"]
[Round "7"]
[White "Sokolov, Andrei"]
[Black "Andersson, Ulf"]
[Result "1-0"]
[WhiteElo "2585"]
[BlackElo "2640"]

1.e4 e6 2.d4 d5 3.Nc3 Nf6 4.Bg5 dxe4 5.Nxe4 Be7 6.Bxf6 gxf6 7.Nf3 b6 8.Bc4 Bb7
9.Qe2 c6 10.O-O-O Qc7 11.Rhe1 Nd7 12.Kb1 O-O-O 13.Ba6 Bxa6 14.Qxa6+ Kb8 15.g3 f5
16.Ned2 Bf6 17.Qe2 c5 18.c3 cxd4 19.cxd4 Rc8 20.Rc1 Qb7 21.Nc4 Qd5 22.Nfe5 Nxe5
23.dxe5 Be7 24.Red1 Qb7 25.Nd6 Bxd6 26.exd6 Rxc1+ 27.Rxc1 Rc8 28.Rd1 Rd8
29.f3 Qc6 30.Qd3 Rd7 31.g4 fxg4 32.fxg4 h6 33.a3 Kb7 34.Qd4 Qc5 35.Qe4+ Qc6
36.Qd4 Qc5 37.Qe4+ Qc6 38.Qf4 a5 39.h4 Qc5 40.Qe4+ Ka7 41.Qf4 h5 42.gxh5 Qxh5
43.Qa4 Qf5+ 44.Ka1 e5 45.h5 e4 46.h6 e3 47.h7 Rd8 48.Qc4 Qd7 49.Re1 Qxd6
50.Qxf7+ Ka6 51.Rxe3 Rf8 52.Qc4+ Ka7 53.Qe2  1-0

[Event "Bar"]
[Site "Bar"]
[Date "1997.11.27"]
[Round "9"]
[White "Popovic, Petar"]
[Black "Andersson, Ulf"]
[Result "1/2-1/2"]
[WhiteElo "2545"]
[BlackElo "2640"]

1.e4 e6 2.d4 d5 3.Nd2 c5 4.Ngf3 cxd4 5.exd5 Qxd5 6.Bc4 Qd6 7.O-O Nf6 8.Nb3 Nc6
9.Nbxd4 Nxd4 10.Nxd4 a6 11.Re1 Bd7 12.Nf3 Qxd1 13.Rxd1 Bc5 14.Ne5 Bb5 15.Bxb5+  1/2-1/2

[Event "Bar"]
[Site "Bar"]
[Date "1997.11.28"]
[Round "10"]
[White "Andersson, Ulf"]
[Black "Velimirovic, Dragoljub"]
[Result "1-0"]
[WhiteElo "2640"]
[BlackElo "2515"]

1.e4 e6 2.d4 d5 3.Nc3 Bb4 4.Ne2 dxe4 5.a3 Be7 6.Nxe4 Nc6 7.g3 Nf6 8.Bg2 e5
9.Nxf6+ Bxf6 10.d5 Ne7 11.Nc3 Bf5 12.g4  1-0

[Event "Pamplona 9798"]
[Site "Pamplona"]
[Date "1997.12.30"]
[Round "3"]
[White "Bacrot, Etienne"]
[Black "Andersson, Ulf"]
[Result "1/2-1/2"]
[WhiteElo "2545"]
[BlackElo "2640"]

1.d4 e6 2.c4 Nf6 3.Nf3 Bb4+ 4.Bd2 Bxd2+ 5.Qxd2 O-O 6.g3 d5 7.Bg2 Nbd7 8.O-O c6
9.Rc1 Qe7 10.Qe3 dxc4 11.a4 Re8 12.Na3 e5 13.Nxc4 e4 14.Nfe5 Nxe5 15.dxe5 Ng4
16.Qxe4 Nxe5 17.Rd1 f5 18.Qxe5 Qxe5 19.Nxe5 Rxe5 20.Rd8+ Kf7 21.e4 Re8 22.Rxe8 Kxe8
23.a5 Ke7 24.exf5 Bxf5 25.a6 Rb8 26.axb7 Rxb7 27.Bxc6 Rxb2 28.Rxa7+ Kd6 29.Bf3 Bh3
30.Ra1 Ke7 31.Re1+ Kf6 32.Be2 Bf5 33.Bf1 Rb1 34.Rxb1 Bxb1 35.f3 g5  1/2-1/2

[Event "EU-ch Rapid"]
[Site "Athens"]
[Date "1997.??.??"]
[Round "1"]
[White "Tella, Jussi"]
[Black "Andersson, Ulf"]
[Result "1/2-1/2"]
[WhiteElo "2375"]
[BlackElo "2640"]

1.d4 d5 2.c4 c6 3.Nc3 Nf6 4.Nf3 dxc4 5.a4 Bf5 6.e3 e6 7.Bxc4 Bb4 8.O-O O-O
9.Qe2 Nbd7 10.e4 Bg6 11.e5 Nd5 12.Bg5 Qb6 13.Nxd5 cxd5 14.Bb5 Nb8 15.a5 Bxa5
16.Be7 Nc6 17.Bc5 Qc7 18.Bd6 Qd8 19.Bxf8 Kxf8 20.Rfc1 Ne7 21.Bd3 Bh5 22.Qe3 Bxf3
23.Qxf3 Bb6 24.Ra4 h6 25.Qf4 Rc8 26.Rc3 Rc7 27.Qc1 a6 28.Kf1 Ke8 29.Rb4 Rc6
30.Bc2 Kf8 31.Ba4 Rc8 32.Qc2 Rb8 33.Qh7 Ba5 34.Rg3 Nf5 35.Rxg7 Nxg7 36.Qh8+ Ke7
37.Qxg7 Bxb4 38.Qf6+ Kf8 39.Qh8+ Ke7 40.Qf6+  1/2-1/2

[Event "EU-ch Rapid"]
[Site "Athens"]
[Date "1997.??.??"]
[Round "2"]
[White "Andersson, Ulf"]
[Black "San Segundo, Pablo"]
[Result "1-0"]
[WhiteElo "2640"]
[BlackElo "2495"]

1.d4 d5 2.c4 e6 3.Nf3 Nf6 4.g3 Bb4+ 5.Bd2 Be7 6.Bg2 O-O 7.O-O c6 8.Qc2 b6
9.Bf4 Bb7 10.Nbd2 Nbd7 11.e4 Rc8 12.Rad1 b5 13.c5 a5 14.a3 Nh5 15.Be3 f5
16.exf5 exf5 17.Nb3 Ra8 18.Bd2 Kh8 19.Rfe1 Rf7 20.Nc1 g6 21.Nd3 Bf6 22.Qc1 Ng7
23.Bg5 Qc7 24.Bxf6 Nxf6 25.Nf4 Kg8 26.Re5 Ne4 27.Re1 b4 28.h4 bxa3 29.bxa3 Bc8
30.Ng5 Nxg5 31.hxg5 Bb7 32.Qe3 Qd8 33.Ne6 Nxe6 34.Rxe6 f4 35.gxf4 Qf8 36.Qe5 Rd8
37.Rf6 Bc8 38.Rxc6 Bd7 39.Rf6 Re8 40.Bxd5  1-0

[Event "EU-ch Rapid"]
[Site "Athens"]
[Date "1997.??.??"]
[Round "3"]
[White "Ryan, Joseph"]
[Black "Andersson, Ulf"]
[Result "0-1"]
[WhiteElo "2245"]
[BlackElo "2640"]

1.d4 d5 2.c4 c6 3.Nf3 Nf6 4.e3 Bf5 5.Nc3 e6 6.Bd3 Bxd3 7.Qxd3 Nbd7 8.O-O Be7
9.Rd1 O-O 10.b3 Qa5 11.Bb2 Rfd8 12.e4 dxe4 13.Nxe4 Nxe4 14.Qxe4 Nf6 15.Qe2 Ba3
16.Bxa3 Qxa3 17.Ne5 h6 18.Rd3 a5 19.Rad1 a4 20.Ng4 Nxg4 21.Qxg4 Qxa2 22.Rg3 g6
23.h4 axb3 24.h5 g5 25.f4 b2 26.fxg5 b1=Q 27.gxh6+ Kf8 28.Qg7+ Ke7 29.Rxb1 Qxb1+
30.Kh2 Qf5  0-1

[Event "EU-ch Rapid"]
[Site "Athens"]
[Date "1997.??.??"]
[Round "5"]
[White "Turner, Matthew"]
[Black "Andersson, Ulf"]
[Result "0-1"]
[WhiteElo "2445"]
[BlackElo "2640"]

1.c4 c5 2.Nc3 g6 3.g3 Bg7 4.Bg2 Nc6 5.e3 e6 6.Nge2 Nge7 7.Nf4 O-O 8.O-O b6
9.b3 Bb7 10.Bb2 d6 11.h4 h6 12.Qe2 Qd7 13.Rad1 Rad8 14.d3 Rfe8 15.Rd2 d5
16.cxd5 exd5 17.Ncxd5 Nxd5 18.Bxd5 Bxb2 19.Rxb2 Nd4 20.Qd1 Bxd5 21.exd4 Bb7
22.dxc5 bxc5 23.Kh2 Qf5 24.Re2 g5 25.hxg5 hxg5 26.Rxe8+ Rxe8 27.Qh5 Kg7 28.Qh3 Qxh3+
29.Nxh3 g4 30.f3 gxh3 31.Kxh3 Re2 32.Rc1 Bxf3 33.Rxc5 Rxa2 34.b4 Kg6 35.g4 Ra3
36.Kh4 Rxd3 37.Ra5 f6 38.g5 Bd5 39.gxf6 Be6 40.Rg5+ Kxf6 41.Rg3 Rd4+ 42.Kh5 Bf7+
43.Kh6 Rh4+  0-1

[Event "EU-ch Rapid"]
[Site "Athens"]
[Date "1997.??.??"]
[Round "6"]
[White "Ribeiro, Fernando"]
[Black "Andersson, Ulf"]
[Result "0-1"]
[WhiteElo "2340"]
[BlackElo "2640"]

1.e4 c5 2.Nf3 d6 3.d4 cxd4 4.Qxd4 a6 5.Be3 Nf6 6.Nc3 Nc6 7.Qd2 g6 8.h3 Bg7
9.O-O-O O-O 10.Nd4 Nxd4 11.Bxd4 Be6 12.f4 Qa5 13.a3 b5 14.Bxf6 Bxf6 15.Nd5 Qxd2+
16.Rxd2 Bxd5 17.Rxd5 Rfd8 18.g4 e6 19.Rd3 g5 20.fxg5 Bxg5+ 21.Kb1 Bf4 22.Rf3 Be5
23.c4 bxc4 24.Bxc4 Rdc8 25.b3 Kg7 26.Rc1 Ra7 27.Rff1 a5 28.Bb5 Rb8 29.a4 h6
30.Kc2 Kg6 31.Kd3 Kg5 32.Ke3 Kh4 33.Kf3 Rbb7 34.Kg2 Rc7 35.Bc4 Ra8 36.Rf3 Rg8
37.Rcf1 Rg7 38.Kf2 h5 39.gxh5 Kxh5 40.Ke2 Kh6 41.Kd2 Kh7 42.R1f2 Kg8 43.Bf1 Rh7
44.Re2 Kf8 45.Rg2 Rh4 46.Rg4 Rh8 47.Bc4 Ke7 48.Ke2 Rhc8 49.Rg1 Rh8 50.Rg4 Rcc8
51.Kd2 Rh7 52.Rg2 Rch8 53.Rgf2 Rg7 54.Bf1 Rh4 55.Kd3 Rh8 56.Rg2 Rgh7 57.Rgf2 Rc8
58.Rc2 Rxc2 59.Kxc2 Rg7 60.Kd3 Rg8 61.Kc4 Rb8  0-1

[Event "EU-ch Rapid"]
[Site "Athens"]
[Date "1997.??.??"]
[Round "7"]
[White "Andersson, Ulf"]
[Black "Van den Doel, Erik"]
[Result "1-0"]
[WhiteElo "2640"]
[BlackElo "2440"]

1.d4 Nf6 2.Nf3 g6 3.g3 c5 4.c4 Bg7 5.Nc3 cxd4 6.Nxd4 Nc6 7.Bg2 Nxd4 8.Qxd4 O-O
9.O-O d6 10.Qd3 Be6 11.Bd2 Qc8 12.Nd5 Bxd5 13.cxd5 Qd7 14.b3 Rfc8 15.Rac1 Rxc1
16.Rxc1 Rc8 17.Rc4 a6 18.a4 Ne8 19.e4 Nf6 20.f3 Qd8 21.Be3 Nd7 22.Rxc8 Qxc8
23.Bh3 Qc7 24.Kf2 Nc5 25.Qc4 Qa5 26.Bf1 Qc3 27.Qxc3 Bxc3 28.Bc4 b5 29.axb5 axb5
30.Bxb5 Nxb3 31.Ba4 Nc5 32.Bc2 Kg7 33.f4 f6 34.Kf3 h6 35.Bf2 Bb2 36.Ke3 g5
37.h4 gxf4+ 38.gxf4 f5 39.exf5 Bf6 40.h5 Nd7 41.Bd1 Bb2 42.Kd2 Nf6 43.Bf3 Ne8
44.Kc2 Bf6 45.Kb3 Kf7 46.Kc4 Ng7 47.Bg4 Bb2 48.Kb5 Bc1 49.Bg3 Kf6 50.Bh4+ Kf7
51.f6 exf6 52.f5 Bf4 53.Kc6 Ke7 54.Kc7 Ne8+ 55.Kc8 Ng7 56.Bf2 Ne8 57.Bb6 Bg5
58.Bd8+ Kf7 59.Kd7 Bf4 60.Be7 Be5 61.Bd8 Bf4 62.Bb6 Ng7 63.Ba5  1-0

[Event "EU-ch Rapid"]
[Site "Athens"]
[Date "1997.??.??"]
[Round "9"]
[White "Andersson, Ulf"]
[Black "Geenen, Marc"]
[Result "1-0"]
[WhiteElo "2640"]
[BlackElo "2325"]

1.d4 Nf6 2.Nf3 g6 3.g3 Bg7 4.Bg2 O-O 5.O-O d6 6.Nc3 d5 7.Bf4 Nh5 8.Bd2 Nf6
9.Qc1 Ne4 10.Bh6 Nxc3 11.bxc3 Nd7 12.Re1 Nf6 13.Rb1 Ne4 14.Bxg7 Kxg7 15.Qe3 c6
16.c4 Nd6 17.cxd5 Nc4 18.Qf4 cxd5 19.Ne5 Nb6 20.e4 Be6 21.a4 Nxa4 22.Rxb7 Qa5
23.Nd3 dxe4 24.Qxe4 Bf5 25.Qxe7 Bxd3 26.cxd3 Qd2 27.Bd5 Rae8 28.Qxe8 Rxe8
29.Rxe8 Nc3 30.Rxf7+ Kh6 31.Bf3 Nd1 32.Re2 Qxd3 33.Ree7 Qxd4 34.Rxh7+ Kg5
35.h4+  1-0

[Event "EU-ch Rapid"]
[Site "Athens"]
[Date "1997.??.??"]
[Round "11"]
[White "Andersson, Ulf"]
[Black "Baumegger, Siegfried"]
[Result "1/2-1/2"]
[WhiteElo "2640"]
[BlackElo "2485"]

1.d4 Nf6 2.Nf3 e6 3.c4 b6 4.a3 Ba6 5.Qc2 Bb7 6.Nc3 c5 7.e4 cxd4 8.Nxd4 d6
9.Be2 Nbd7 10.O-O Be7 11.Be3 O-O 12.f3 a6 13.Rac1 Rc8 14.Rfd1 Qc7 15.Bf1 Rfd8
16.Qf2 Qb8 17.b4 Bf8 18.Nb3 Ba8 19.Na4 b5 20.cxb5 axb5 21.Nc3 d5 22.Ba7 Qf4
23.Be3 Qb8 24.Ba7 Qf4 25.Be3 Qb8  1/2-1/2

[Event "EU-ch Rapid"]
[Site "Athens"]
[Date "1997.??.??"]
[Round "12"]
[White "David, Alberto"]
[Black "Andersson, Ulf"]
[Result "1/2-1/2"]
[WhiteElo "2460"]
[BlackElo "2640"]

1.e4 c5 2.Nf3 d6 3.d4 cxd4 4.Nxd4 Nf6 5.Nc3 a6 6.Be2 e5 7.Nb3 Be7 8.O-O O-O
9.Be3 Be6 10.a4 Nc6 11.Bf3 Rc8 12.Qd2 Qc7 13.Rfc1 Nb8 14.a5 Nbd7 15.Ra4 Rfe8
16.Nd5 Nxd5 17.exd5 Bf5 18.Be2 Bg6 19.Rc4 Qb8 20.Rxc8 Qxc8 21.c4 Qc7  1/2-1/2

[Event "EU-ch Rapid"]
[Site "Athens"]
[Date "1997.??.??"]
[Round "13"]
[White "Andersson, Ulf"]
[Black "Boensch, Uwe"]
[Result "1/2-1/2"]
[WhiteElo "2640"]
[BlackElo "2540"]

1.d4 d5 2.c4 e6 3.Nf3 Nf6 4.Nc3 Be7 5.Bg5 h6 6.Bh4 O-O 7.e3 b6 8.Rc1 Bb7
9.cxd5 Nxd5 10.Bxe7 Qxe7 11.Be2 Rc8 12.Nxd5 exd5 13.O-O c5 14.b3 Nd7 15.Qd2 a5
16.Qb2 a4 17.Rc2 Ba6 18.Bxa6 Rxa6 19.Rfc1 axb3 20.axb3 Rca8 21.h3 Ra3 22.Nd2 Qf6
23.Nf3 Qc6 24.dxc5 bxc5 25.Ne5 Nxe5 26.Qxe5 Qe6 27.Qxe6 fxe6 28.Rxc5 Rxb3
29.Rc7 Rab8 30.Kh2 R3b7 31.Kg3 Rxc7 32.Rxc7 Rf8 33.f3 Kh7 34.Re7 Rf6 35.Kf2 Kg8
36.Ke2 Kf8 37.Ra7 h5 38.Kd3 h4 39.Kd4 Rf5 40.f4 g5 41.fxg5 Rxg5 42.Rh7 Rxg2
43.Rxh4 Ke7 44.e4  1/2-1/2

[Event "Keres mem rapid"]
[Site "Kalev"]
[Date "1997.??.??"]
[Round "1"]
[White "Malisauskas, Vidmantas"]
[Black "Andersson, Ulf"]
[Result "1/2-1/2"]
[WhiteElo "2530"]
[BlackElo "2655"]

1.e4 c5 2.Nf3 d6 3.d4 cxd4 4.Nxd4 Nf6 5.Nc3 e6 6.g3 Nc6 7.Bg2 Bd7 8.O-O Be7
9.Re1 O-O 10.Nxc6 Bxc6 11.e5 dxe5 12.Bxc6 bxc6 13.Rxe5 Nd5 14.Na4 Nb6 15.Nc3 Bf6
16.Re3 Nd5 17.Nxd5 cxd5 18.c3 Qb6 19.Re2 Rfc8 20.Be3 Qa6 21.Rd2 Rab8 22.Qe2 Qxe2
23.Rxe2 a5 24.a4 Rc4 25.Rd2 g5 26.h3 Kg7 27.Kf1 Kg6 28.Ke2 h5 29.Kd1 h4 30.g4 Be5
31.Kc2 Bf4 32.Rd4 Bxe3 33.fxe3 Rxd4 34.exd4 f5 35.Rg1 Kf6 36.Rf1 Kg6 37.Rg1 Kf6
38.Rf1  1/2-1/2

[Event "Keres mem rapid"]
[Site "Kalev"]
[Date "1997.??.??"]
[Round "4"]
[White "Oll, Lembit"]
[Black "Andersson, Ulf"]
[Result "1-0"]
[WhiteElo "2625"]
[BlackElo "2655"]

1.e4 c5 2.Nf3 d6 3.d4 cxd4 4.Nxd4 Nf6 5.Nc3 e6 6.Be2 a6 7.O-O Qc7 8.f4 Be7
9.Be3 O-O 10.g4 Nc6 11.g5 Nd7 12.f5 Nxd4 13.Qxd4 Re8 14.fxe6 fxe6 15.Bh5 g6
16.Nd5 Qd8 17.Nxe7+ Qxe7 18.Be2 Ne5 19.Rad1 Nf7 20.Rf6 Bd7 21.Bc4 Rf8 22.Bb3 Rae8
23.Bf4 e5 24.Qxd6 Bg4 25.Rxf7 Rxf7 26.Qxe7 Rxe7 27.Rd8+ Kg7 28.Bxf7 Kxf7
29.Be3 Bf3 30.Bc5 Re8 31.Rd7+ Kg8 32.Rxb7 Bxe4 33.Ra7 Ra8 34.Re7 Bxc2 35.Rxe5 Rc8
36.b4 Ba4 37.Re7 Rd8 38.Ra7 Bb5 39.a4 Bc4 40.Kf2 Rd5 41.h4 Rd3 42.Rc7 Bd5
43.b5 axb5 44.axb5 Rc3 45.b6 Bh1 46.Ke2 Bg2 47.Kd2 Rc4 48.Kd3 Bf1+ 49.Ke3 Bg2
50.Kf2 Bh1 51.Kg3 Be4 52.Kf4 Bh1+ 53.Ke5 Rxh4 54.b7 Bxb7 55.Rxb7 Rg4 56.Kf6 Rf4+
57.Ke6 Rf5 58.Rb8+ Kg7 59.Bd4+  1-0